| 000 | 00382nam a2200121Ia 4500 | ||
|---|---|---|---|
| 005 | 20251222142005.0 | ||
| 008 | 251222s9999||||xx |||||||||||||| ||spa|| | ||
| 020 | _a9972-9720-3-8 | ||
| 082 | _a323.042/M61 | ||
| 245 | 0 | _aEducación Cuidadana y Apoyo a la Transición Democrática Participativa | |
| 264 | _bCentro de Estudios Regionales Andinos Bartolomé de Las Casas | ||
| 942 | _cLIB | ||
| 999 |
_c10136 _d10136 |
||